Deutschlands Turnier-Gegner WM 2014 - Statistiken

Allgemein
  • Dieses Quiz wurde 809 mal gespielt
  • Das Durchschnittsergebnis liegt bei 6 aus 7
Antwortstatistiken
Bildquiz Antwort % Korrekt
Argentinien
97%
Brasilien
97%
Portugal
90%
Frankreich
87%
Algerien
85%
Ghana
80%
USA
79%
Keine übereinstimmenden Quizze gefunden
Verteilung der Resultate
Anzahl Personen mit jedem Resultat
Perzentil nach korrekt beantworteten Fragen
Ihre Resultats-Entwicklung
Sie haben dieses Quiz noch nicht gespielt